000 00499nam a2200217Ia 4500
003 0100
008 130303s9999 xx 000 0 und d
020 _a053453595X
040 _cARRUPELIB
050 _aHF5387.S473 2000
100 _aShaw, William H.
245 _aMoral issues in business
250 _a8th ed.
260 _aCalifornia
260 _bWdasworth publishing co.
260 _C2000
300 _a600p.
300 _b 24cm
700 _aBarry, Vincent
942 _2lcc
_02
999 _c58959
_d58959